Diet and health
| Main Author: | |
|---|---|
| Other Authors: | |
| Format: | Book |
| Published: |
London :
Franklin Watts ,
1991
|
| Series: | Feeling Good
|
| Subjects: |
MARC
| LEADER | 00000cam a2200000 7i4500 | ||
|---|---|---|---|
| 001 | 0000002621 | ||
| 002 | 000002848 | ||
| 005 | .0 | ||
| 020 | |a 0749603429 | ||
| 090 | 0 | 0 | |a JR 030 |b FEE |
| 100 | 1 | |a Ward, Brian | |
| 245 | 1 | 0 | |a Diet and health |c Brian Ward ; illustrated by Simon Roulstone |
| 260 | |a London : |b Franklin Watts , |c 1991 | ||
| 300 | |a 32 p. : |b ill. ; |c 27 cm. | ||
| 490 | 0 | |a Feeling Good | |
| 650 | 0 | 0 | |a Diet |x Juvenile literature |
| 700 | 1 | |a Roulstone, Simon , |e illustrated | |
| 999 | |a 036125 |b BUKU |c PINJAMAN |e PERPUSTAKAAN KOMUNITI PETALING JAYA | ||